| 000 | 00602nam a2200193Ia 4500 | ||
|---|---|---|---|
| 008 | 140925s9999 xx 000 0 und d | ||
| 020 | _a1447-0349 | ||
| 100 | _aHappell, Brenda. | ||
| 245 |
_aInternational Journal of Mental Health Nursing / _cBrenda Happell. _h[electronic resource] |
||
| 260 |
_bJohn Wiley & Sons, Inc., _cc2013. |
||
| 516 | _aElectronic text | ||
| 650 | _aJournal. | ||
| 650 | _aMental health. | ||
| 650 | _aNursing. | ||
| 830 | _aJohn Wiley & Sons, Inc. | ||
| 856 | _uhttp://onlinelibrary.wiley.com/journal/10.1111/%28ISSN%291447-0349 | ||
| 942 | _cEJ | ||
| 999 |
_c275669 _d275669 |
||